Technology change and the rise of new industries (Record no. 50445)
[ view plain ]
| 000 -LEADER | |
|---|---|
| fixed length control field | 01796nam a2200349 a 4500 |
| 082 04 - DEWEY DECIMAL CLASSIFICATION NUMBER | |
| Classification number | 338/.064 |
| 100 1# - MAIN ENTRY--AUTHOR NAME | |
| Personal name | Funk, Jeffrey L. |
| 245 10 - TITLE STATEMENT | |
| Title | Technology change and the rise of new industries |
| 260 ## - PUBLICATION, DISTRIBUTION, ETC. (IMPRINT) | |
| Place of publication | Stanford, Calif. : |
| Name of publisher | Stanford University Press, |
| Year of publication | 2013. |
| 300 ## - PHYSICAL DESCRIPTION | |
| Number of Pages | xii, 245 p. : |
| Other physical details | ill. |
| 505 0# - FORMATTED CONTENTS NOTE | |
| Formatted contents note | part I. What determines the potential for new technologies? Technology paradigm -- Scaling -- part II. When do technological discontinuities emerge? Computers -- Magnetic recording and playback equipment -- Semiconductors -- part III. Opportunities and challenges for firms and governments. Competition in new industries -- Different industries, different challenges -- part IV. Thinking about the future. Electronics and electronic systems -- Clean energy. |
| 650 #0 - SUBJECT ADDED ENTRY--TOPICAL TERM | |
| Topical Term | Technological innovations. |
| Topical Term | Industries. |
| Topical Term | Technology |
| 856 40 - ELECTRONIC LOCATION AND ACCESS | |
| Uniform Resource Identifier | http://site.ebrary.com/lib/rucke/Doc?id=10627777 |
No items available.
